00604nam a22001937a 450000500170000001000150001702000260003203500130005803700130007108200080008424501320009225000060022426000380023027000590026830000260032770000180035370000230037170000160039420140417113341.0 aENG-109364 a9788178002651c495.00 aEN-92897 bDBAD/PUB a020 aNext generation librarianship :cedited by L.S. Ramaiah, K. Veeranjaneyulu [and] G. Sujathabstrategies for change management / a  aHyderabadbBS Publications c2012 a4-4-309, Giriraj Lane, Sultan BazarbHyderabade500095 axvi,355p. c24cm(pbk) aRamaiah,L. S. aVeeranjaneyulu,K.  aSujatha,G.